ロード中...

Vedic Lectures /

書誌詳細
第一著者: Agrawala, V S
フォーマット: Printed Book
言語:English
出版事項: 1981.
LEADER 00290nam a2200097Ia 4500
008 121027s9999 xx 000 0 eng d
100 |a Agrawala, V S 
245 |a Vedic Lectures / 
260 |c 1981. 
999 |c 64198  |d 64198 
952 |0 0  |1 0  |4 0  |7 0  |9 64175  |a UL  |b UL  |c ST2  |d 2012-10-27  |l 0  |p G3067  |r 2012-10-27  |w 2012-10-27  |y BK